| 000 | 00518nam a2200205Ia 4500 | ||
|---|---|---|---|
| 008 | 170918s9999 xx 000 0 und d | ||
| 020 | _a9780746070185 | ||
| 050 | _bB613 2004 | ||
| 100 | _aBingham, Jane | ||
| 245 | _aBilly goats gruff / | ||
| 245 | _cJane Bingham ; illustrated by Daniel Postgate. | ||
| 260 | _aNew York : | ||
| 260 | _bScholastic, | ||
| 260 | _c2004 | ||
| 300 | _a48 pages : | ||
| 300 | _bcolored illustration ; | ||
| 300 | _c20cm. | ||
| 440 | _aUsborne young reading. | ||
| 500 | _a410 | ||
| 999 |
_c341479 _d341479 |
||